Statistiken für Genf: Gemeinden nach Einwohnerzahl

Klicken Sie hier um das Quiz zu spielen!

Allgemein

  • Dieses Quiz wurde 28 mal gespielt
  • Das Durchschnittsergebnis liegt bei 9 aus 15

Antwortstatistiken

EinwohnerzahlGemeinde% Korrekt
203'856Genève
100%
33'989Lancy
92%
26'129Meyrin
92%
18'933Onex
92%
34'898Vernier
92%
22'536Carouge (GE)
83%
11'861Veyrier
50%
12'378Le Grand-Saconnex
42%
14'573Thônex
42%
13'281Versoix
42%
10'258Bernex
33%
8791Chêne-Bourg
33%
10'601Plan-les-Ouates
33%
12'621Chêne-Bougeries
25%
8445Collonge-Bellerive
8%

Verteilung der Resultate

Perzentil nach korrekt beantworteten Fragen

Anzahl Personen mit jedem Resultat

Ihre Resultats-Entwicklung

Sie haben dieses Quiz noch nicht gespielt